Statistics for Zoo Tycoon 2 Marine Mania Expansion Animals

Click here to take the quiz!

General Stats

  • This quiz has been taken 11 times
  • The average score is 14 of 20

Answer Stats

BiomeAnswer% Correct
CoastalBottlenose Dolphin
100%
TundraOrca
100%
TundraBeluga
83%
ReefManta Ray
83%
TundraNarwhal
83%
BenthicWhite Shark
83%
ReefBlacktip Reef Shark
67%
PelagicBlue Marlin
67%
CoastalCalifornia Sea Lion
67%
CoastalFalse Killer WHale
67%
BenthicGoblin Shark
67%
CoastalGreen Sea Turtle
67%
PelagicLeatherback Sea Turtle
67%
PelagicScalloped Hammerhead
67%
CoastalSea Otter
67%
BenthicWhale Shark
67%
TundraPacific Walrus
50%
CoastalRockhopper Penguin
50%
PelagicShort-finned Pilot Whale
50%
CoastalWest Indian Manatee
50%

Score Distribution

Percentile by Number Answered

Percent of People with Each Score

Your Score History

You have not taken this quiz